00434nam a2200157Ia 4500001000500000005001700005008004100022041000800063082001500071100003200086245010600118260000900224300002700233650000800260654000800268289120260306144840.0260306t2016||||xx |||||||||||||| ||spa|| aESP a231.5bS55 aSilvestre, Juan JoséeAUT 0aDiálogos de teología XVIII:beucaristía y reconciliación en el año santo de la misericordia c2016 a80 páginas :c24 cm. aGEN aCHU